Southville International School and Colleges
Your cart is empty.
  • Cart
  • Lists
    Public lists Eva Luna New books Lux_list list_1
    Your lists Log in to create your own lists
  • Log in to your account
  • Your cookies
  • Search history
Southville International School and Colleges
  • Advanced search
  • Recent comments
  • Most popular
  • Libraries

Log in to your account

Log in with GOOGLE


If you do not have an external account, but do have a local account, you can still log in:

  1. Home
  2. MARC view: New perspectives on the Internet :
Normal view MARC view ISBD view

New perspectives on the Internet : (Record no. 294196)

[ view plain ]
MARC details
000 -LEADER
fixed length control field 00677nam a2200253Ia 4500
008 - FIXED-LENGTH DATA ELEMENTS--GENERAL INFORMATION
fixed length control field 160517s9999 xx 000 0 und d
020 ## - INTERNATIONAL STANDARD BOOK NUMBER
International Standard Book Number 981-4057-98-3
050 ## - LIBRARY OF CONGRESS CALL NUMBER
Classification number ComSc TK 5105.875
050 ## - LIBRARY OF CONGRESS CALL NUMBER
Item number .I57P47 2000
100 ## - MAIN ENTRY--PERSONAL NAME
Personal name Perry, James T.
245 ## - TITLE STATEMENT
Title New perspectives on the Internet :
245 ## - TITLE STATEMENT
Remainder of title comprehensive /
245 ## - TITLE STATEMENT
Statement of responsibility, etc James T. Perry, Gary P. Schneider.
250 ## - EDITION STATEMENT
Edition statement 2nd Edition
260 ## - PUBLICATION, DISTRIBUTION, ETC. (IMPRINT)
Place of publication, distribution, etc Singapore :
260 ## - PUBLICATION, DISTRIBUTION, ETC. (IMPRINT)
Name of publisher, distributor, etc Thomson Learning Asia.,
260 ## - PUBLICATION, DISTRIBUTION, ETC. (IMPRINT)
Date of publication, distribution, etc 2000
300 ## - PHYSICAL DESCRIPTION
Extent A11 pages :
300 ## - PHYSICAL DESCRIPTION
Other physical details ill. ;
300 ## - PHYSICAL DESCRIPTION
Dimensions 25 cm.
440 ## - SERIES STATEMENT/ADDED ENTRY--TITLE
Title New perspective series
500 ## - GENERAL NOTE
General note Includes index.
650 ## - SUBJECT ADDED ENTRY--TOPICAL TERM
Topical term or geographic name as entry element Internet (Computer network).
Holdings
Withdrawn status Lost status Damaged status Home library Current library Shelving location Date acquired Cost, normal purchase price Total Checkouts Full call number Barcode Date last seen Price effective from Koha item type
      South Mansfield College South Mansfield College   03/07/2005 515.00   ComSc TK 5105.875 .I57P47 2000 SMC01838 05/17/2016 05/17/2016  

New perspectives on the Internet :

APA

Perry J. T., .New perspectives on the Internet. Singapore: .

Chicago

Perry James T, .New perspectives on the Internet. Singapore: .

Harvard

Perry J. T., .New perspectives on the Internet. Singapore: .

MLA

Perry James T, .Singapore: . .

  • Place hold
  • Print
  • Cite
  • Add to your cart (remove)
  • Save record
    BIBTEX Dublin Core MARCXML MARC (non-Unicode/MARC-8) MARC (Unicode/UTF-8) MARC (Unicode/UTF-8, Standard) MODS (XML) RIS
  • More searches
    Search for this title in:
    Other Libraries (WorldCat) Other Databases (Google Scholar) Online Stores (Bookfinder.com) Open Library (openlibrary.org)

Exporting to Dublin Core...

SOUTHVILLE LIBRARY

Southville International School and Colleges Library

1281 Tropical Ave. Cor. Luxembourg St., BF Homes International, Las Pinas City

Tel. No. 8256374 / 252358 Loc. 117/146

Powered by Koha